000 00621nam a2200205 4500
001 132246
003 ES-MaACL
005 20230906194133.0
007 t|
008 070214s1984 sp r ||||1| spa d
100 1 _aRomero, Emilio.
_999320
245 1 3 _aLa chocholila
_b: o El fin del mundo es el jueves : (comedia en dos actos) /
_cEmilio Romero.
260 _aMadrid :
_bPreyson,
_c1984.
300 _a84 p. ;
_c16 cm.
490 1 _aArte escénico ;
_v41
740 0 _aEl fin del mundo es el jueves.
830 0 _aArte escénico ;
_v41
_9180796
852 _aES-MaACL
_jL-7375
_bR.108105
999 _c132246
_d132246